000 00591nam a2200169 a 4500
001 000037283
005 20200930080249.0
008 120321s1986 sp 000 0 spa d
020 _a8400063899
040 _aDO-SdBNP
_bspa
_cBNPHU
082 _axxxx
_bxxxx
245 0 0 _aEspañoles y Franceses en la primera mitad del siglo xx.
260 _aMadrid, :
_bCentro de Estudios Historicos, departamento de historia contemporanea
_bCSIC,
_c1986.
300 _axii, 411 p. ;
_c24 cm.
500 _aIncluye notas a pie de página.
710 2 _aConsejo Superior de Investigaciones Científicas
_94786
999 _c36773
_d36773